Role play

This title includes the following features: Provides guidance on the useof role play to develop fluency and to train students to deal with theunpredictable nature of language.; Offers a focal point in lessons integratingthe four skills.; Gives experienced teachers fresh ideas, and less experiencedte...

Volledige beschrijving

Bewaard in:
Bibliografische gegevens
Hoofdauteur: Ladousse, Gillian Porter
Formaat: Boek
Taal:Undetermined
Gepubliceerd in: Oxford Oxford University Press 1987
Onderwerpen:
Tags: Voeg label toe
Geen labels, Wees de eerste die dit record labelt!
Thư viện lưu trữ: Trung tâm Học liệu Trường Đại học Cần Thơ
LEADER 01031nam a2200217Ia 4500
001 CTU_35050
008 210402s9999 xx 000 0 und d
020 |b 74.000đ 
020 |c 80000 
082 |a 420.71 
082 |b L156 
100 |a Ladousse, Gillian Porter 
245 0 |a Role play 
245 0 |c Gillian Porter Ladousse 
260 |a Oxford 
260 |b Oxford University Press 
260 |c 1987 
520 |a This title includes the following features: Provides guidance on the useof role play to develop fluency and to train students to deal with theunpredictable nature of language.; Offers a focal point in lessons integratingthe four skills.; Gives experienced teachers fresh ideas, and less experiencedteachers lots of practical support 
650 |a Simulation games in education,Trò chơi mô phỏng trong giáo dục,Đóng kịch,Role playing 
904 |i Minh,Mai sửa số PL từ 428.24 thành 420.71 chưa in nhãn cho LRC 
980 |a Trung tâm Học liệu Trường Đại học Cần Thơ